Statistics for Guess the Bug by Picture

Click here to take the quiz!

General Stats

  • This quiz has been taken 53 times
  • The average score is 8 of 16

Answer Stats

Answer% Correct
Ladybug
100%
Spider
93%
Honey Bee
84%
Ant
80%
Garden Snail
78%
Praying Mantis
76%
Flea
56%
Cicada
51%
Mealworms
47%
Silverfish
38%
Huntsman
20%
Mayfly
20%
Cook Strait Giant Weta
13%
Blattodea
2%
Blue Moon Butterfly
2%
Huhu Beetle
2%

Score Distribution

Percentile by Number Answered

Percent of People with Each Score

Your Score History

You have not taken this quiz